Statistiken für Vereine in Deutschland 20/21

Klicken Sie hier um das Quiz zu spielen!

Allgemein

  • Dieses Quiz wurde 219 mal gespielt
  • Das Durchschnittsergebnis liegt bei 42 aus 56

Antwortstatistiken

Verein% Korrekt
Borussia Dortmund
98%
FC Bayern München
98%
FC Bayern München II
98%
FC Schalke 04
98%
RB Leipzig
96%
Werder Bremen
96%
1. FC Köln
95%
Eintracht Frankfurt
94%
Hamburger SV
93%
Bayer 04 Leverkusen
92%
Borussia Mönchengladbach
92%
VfB Stuttgart
92%
1. FC Union Berlin
91%
1. FSV Mainz 05
91%
Hertha BSC
91%
FC Augsburg
90%
VfL Wolfsburg
90%
SC Freiburg
89%
Arminia Bielefeld
88%
TSG 1899 Hoffenheim
88%
1. FC Nürnberg
87%
Dynamo Dresden
86%
Holstein Kiel
85%
Hannover 96
82%
Fortuna Düsseldorf
81%
SpVgg Greuther Fürth
81%
Eintracht Braunschweig
80%
FC St. Pauli
80%
SC Paderborn 07
80%
VfL Bochum
80%
1. FC Kaiserslautern
78%
Hansa Rostock
78%
FC Ingolstadt 04
73%
TSV 1860 München
73%
1. FC Heidenheim
68%
SV Darmstadt 98
66%
SV Sandhausen
66%
1. FC Saarbrücken
65%
MSV Duisburg
65%
Würzburger Kickers
63%
SV Waldhof Mannheim
62%
SV Wehen Wiesbaden
61%
VfL Osnabrück
61%
1. FC Magdeburg
58%
FC Erzgebirge Aue
58%
Karlsruher SC
57%
SSV Jahn Regensburg
56%
Hallescher FC
49%
SpVgg Unterhaching
44%
VfB Lübeck
44%
SV Meppen
43%
FSV Zwickau
42%
SC Verl
42%
KFC Uerdingen 05
40%
Türkgücü München
38%
FC Viktoria Köln
36%

Verteilung der Resultate

Perzentil nach korrekt beantworteten Fragen

Anzahl Personen mit jedem Resultat

Ihre Resultats-Entwicklung

Sie haben dieses Quiz noch nicht gespielt